Sélections de tuiles - Départements à Régions - Statistiques

Statistiques générales
  • Ce quiz a été pris 9 687 fois
  • Le résultat moyen est 43 sur 60
Statistiques - réponses
Question Tuile Select % Correct
Île-de-France Loire Non
98%
Île-de-France Paris Oui
96%
Île-de-France Yonne Non
94%
Île-de-France Marne Non
91%
Île-de-France Yvelines Oui
91%
Île-de-France Haute-Marne Non
90%
Île-de-France Oise Non
89%
Île-de-France Seine-Maritime Non
88%
Île-de-France Essonne Oui
86%
Grand Est Isère Non
85%
Grand Est Seine-et-Marne Non
85%
Île-de-France Seine-et-Marne Oui
84%
Île-de-France Val-de-Marne Oui
84%
Auvergne-Rhône-Alpes Aude Non
83%
Auvergne-Rhône-Alpes Vosges Non
83%
Grand Est Aude Non
82%
Auvergne-Rhône-Alpes Gard Non
82%
Grand Est Haut-Rhin Oui
82%
Grand Est Moselle Oui
82%
Auvergne-Rhône-Alpes Var Non
82%
Île-de-France Val-d'Oise Oui
81%
Nouvelle-Aquitaine Calvados Non
80%
Auvergne-Rhône-Alpes Corrèze Non
79%
Nouvelle-Aquitaine Gironde Oui
79%
Grand Est Nièvre Non
79%
Auvergne-Rhône-Alpes Haute-Savoie Oui
78%
Bourgogne-Franche-Comté Loire Non
78%
Auvergne-Rhône-Alpes Alpes-Maritimes Non
76%
Bourgogne-Franche-Comté Marne Non
76%
Bourgogne-Franche-Comté Eure Non
75%
Auvergne-Rhône-Alpes Isère Oui
75%
Grand Est Meuse Oui
74%
Bourgogne-Franche-Comté Ain Non
73%
Bourgogne-Franche-Comté Côte-d'Or Oui
72%
Grand Est Vosges Oui
71%
Bourgogne-Franche-Comté Vosges Non
71%
Nouvelle-Aquitaine Dordogne Oui
70%
Auvergne-Rhône-Alpes Ain Oui
69%
Bourgogne-Franche-Comté Cantal Non
68%
Bourgogne-Franche-Comté Doubs Oui
68%
Grand Est Ardennes Oui
67%
Nouvelle-Aquitaine Charente-Maritime Oui
65%
Auvergne-Rhône-Alpes Ardèche Oui
63%
Bourgogne-Franche-Comté Territoire de Belfort Oui
63%
Nouvelle-Aquitaine Tarn Non
62%
Bourgogne-Franche-Comté Jura Oui
60%
Grand Est Jura Non
59%
Nouvelle-Aquitaine Lot-et-Garonne Oui
59%
Bourgogne-Franche-Comté Yonne Oui
58%
Nouvelle-Aquitaine Haute-Garonne Non
56%
Auvergne-Rhône-Alpes Loire Oui
56%
Bourgogne-Franche-Comté Nièvre Oui
56%
Grand Est Marne Oui
55%
Nouvelle-Aquitaine Tarn-et-Garonne Non
55%
Nouvelle-Aquitaine Lot Non
53%
Auvergne-Rhône-Alpes Hautes-Alpes Non
51%
Nouvelle-Aquitaine Deux-Sèvres Oui
47%
Nouvelle-Aquitaine Vienne Oui
47%
Nouvelle-Aquitaine Creuse Oui
45%
Grand Est Aube Oui
44%
Aucun quiz correspondant
Distribution des résultats
% des personnes avec chaque résultat
Percentile par nombre de réponses
Votre historique - résultats
Vous n’avez pas pris ce quiz